| 000 | 00847nam a2200253Ia 4500 | ||
|---|---|---|---|
| 003 | OSt | ||
| 005 | 20220918112030.0 | ||
| 006 | a|||||r|||| 00| 0 | ||
| 007 | ta | ||
| 008 | 220915b |||||||| |||| 00| 0 eng d | ||
| 024 | _a42193 | ||
| 037 | _cTextbook | ||
| 040 |
_beng _aARTS _cARTS |
||
| 041 | _aeng | ||
| 082 | _aO15,1D40x, K6(TTPS) | ||
| 100 |
_aत्रिपाठी, रामप्रताप _91697 |
||
| 245 | 0 | _aकालिदास के काव्य | |
| 246 | _aKālidās ke kāvya | ||
| 260 |
_aइलाहाबाद _bकिताब महल भारत _c1966 |
||
| 300 |
_a479पण् _ccm. |
||
| 650 | _aहिन्दी साहित्य | ||
| 942 |
_hO15,1D40x, K6(TTPS) _cTB _2CC |
||
| 999 |
_c117964 _d117964 |
||